000 01321nam a2200373 i 4500
001 197819
003 ES-MaACL
005 20251221151809.0
007 ta
008 250916s2025 sp a|||| |||| 001 0 spa d
017 _aM 49675-2011
_bOficina Depósito Legal Madrid
020 _a978-84-09-75900-2
040 0 _bspa
_cES-MaACL
041 _beng
_bger
080 _a75 Tristán, Luis
100 1 _9242263
_aPadilla Gaffal, Dafne Elisa
_eaut
245 1 3 _aEl naturalismo de Luis Tristán :
_bestudio histórico-artístico de la Última Cena /
_cDafne Elisa Padilla Gaffal
250 _aPrimera edición: agosto de 2025
264 _aMadrid :
_bDokos Monografías,
_c2025
264 _a©2025
300 _a132 páginas :
_bilustraciones ;
_c21 cm
336 _2rdacontent
_aTexto
337 _2rdamedia
_asin mediación
338 _2rdacarrier
_avolumen
504 _aBibliografía: páginas [97]-104. Índices.
504 _aWebgrafía: página 105
546 _aTexto en español; resumen en inglés y alemán
600 1 0 _aTristán, Luis,
_d1585-1624
_9242264
852 _aES-MaACL
_cDEPO1
_jA-15807
_xEncuadernación rústica
_9206794
942 _cMONOGRAFIA
_n0
999 _c197819
_d197819